000 00421nam a22001571a 4500
020 _a9788170207863
082 _a301.03
_bCHA/I
245 _aInternational encyclopaedia of Anthropology (v.9)/
_cby Channa S M (ed.)
260 _aNew Delhi
_bCosmo
_c1998
300 _a312p.
650 _aEncyclopaedia Anthropology
650 _aAnthropology
650 _aSocial Sciences
700 _aChanna S M (ed.)
942 _cREF
999 _c20332
_d20332